000 01005nas a2200325 4500
001 BR0202751
003 BR-BrBNA
005 20231205103015.0
007 ta
008 230509b bl.|||p| |||| 00| 00por d
040 _aBR-BrBNA
_bpor
_cBiblioteca Nacional de Agricultura
041 _a(Pt)
072 _aL51; L02
100 1 _aMoreira, I.
100 1 _aGasparotto, L.F.
100 1 _aFurlan, A.C.
100 1 _aPatrício, V.M.I.
100 1 _aOliveira, G.C. de
245 1 _aExigência de lisina para machos castrados de dois grupos genéticos de suínos na fase de terminação, com base no conceito de proteína ideal
650 _aSUÍNO
650 _aLISINA
650 _aRAÇÃO
650 _aCARCAÇA
650 _aAMINOÁCIDO
650 _aDIETA
650 _aEXIGÊNCIA NUTRICIONAL
773 0 _tRevista Brasileira de Zootecnia (Brazil)
_xISSN 1516-3598
_g(Jan-Feb 2002), v. 31(1) p. 96-103
_wBR0202751
909 _a202311
_bLúcia
_c55
_dLúcia Elande
942 _2AGRIS
_n0
_cANA
999 _c170526
_d170526